000
00285nam a22001337a 4500
003
SGT
082
_a
370
_b
V99S
100
_a
SINGH, J.P.
245
_a
VINOBA'S UTOPIA OF THE FUTURE
260
_a
NEW DELHI
_b
INDIAN PUB
_c
1999
300
_a
193
650
_a
EDUCATION
942
_2
ddc
_c
BK
999
_c
12497
_d
12497